00629nam a22001697a 4500020001800000040000900018082001700027100002600044110006400070245005800134250001600192260004800208650006600256942001200322999001900334952010600353 a9780471356059 cNust a624.171bCON aRobert D. Cook913493 aDavid S. Malkus, Michael E. Plesha, Robert J. Witt9124889 aConcepts and applications of finite element analysis  a4th edition aNew delhi:bJohn Wiley and sons Inc,c2001. aConcepts and applications of finite element analysis 9124890 2ddccBK c610670d610670 00102ddc4070aCEMEbCEMEcGENd2024-07-30l0o624.171 CONpCEME- 39081r2024-07-30w2024-07-30yBK